Talking songs: (Record no. 34545)

MARC details
000 -LEADER
fixed length control field 02528nam a22003497a 4500
005 - DATE AND TIME OF LATEST TRANSACTION
control field 20100310105420.0
008 - FIXED-LENGTH DATA ELEMENTS--GENERAL INFORMATION
fixed length control field 081022t xxu||||| |||| 00| 0 eng d
010 ## - LCCN (DPL NO)
LC control number B-360855-861
020 ## - INTERNATIONAL STANDARD BOOK NUMBER
International Standard Book Number 0195687124
Terms of availability 275.00
020 ## - INTERNATIONAL STANDARD BOOK NUMBER
International Standard Book Number 9780195687125
Terms of availability 275.00
035 ## - SYSTEM CONTROL NUMBER
System control number B-360855-861
037 ## - SOURCE OF ACQUISITION
Source of stock number/acquisition Uppal Book Store
040 ## - CATALOGING SOURCE
Original cataloging agency dpl
Language of cataloging English
082 ## - DEWEY DECIMAL CLASSIFICATION NUMBER
Classification number 782.42
245 ## - TITLE STATEMENT
Title Talking songs:
Remainder of title Javed Akhtar in conversation with Nasreen Munni Kabir and sisxty /selected songs by Javed Akhtar
Statement of responsibility, etc translated by Nasreen Munni Kabir; foreword by Shabana Azmi
260 ## - PUBLICATION, DISTRIBUTION, ETC. (IMPRINT)
Place of publication, distribution, etc New Delhi
Name of publisher, distributor, etc Oxford University Press
260 ## - PUBLICATION, DISTRIBUTION, ETC. (IMPRINT)
Date of publication, distribution, etc 2009
270 ## - ADDRESS
Address YMCA, Library Building, Jai Singh Road,
City New Delhi
Postal code 110001
300 ## - PHYSICAL DESCRIPTION
Extent xix, 252p.
Dimensions 22cm(pbk)
500 ## - GENERAL NOTE
General note Includes index
700 ## - ADDED ENTRY--PERSONAL NAME
Personal name Nasreen Munni Kabir
700 ## - ADDED ENTRY--PERSONAL NAME
Personal name Shabana Azmi
942 ## - ADDED ENTRY ELEMENTS (KOHA)
Source of classification or shelving scheme Dewey Decimal Classification
Item type English Books
Classification part 782.42
Call number suffix TAL
Holdings
Withdrawn status Lost status Source of classification or shelving scheme Damaged status Not for loan Home library Current library Date acquired Source of acquisition Cost, normal purchase price Total Checkouts Full call number Barcode Date last seen Copy number Cost, replacement price Koha item type Total Renewals
    Dewey Decimal Classification     Central Library Central Library 10/03/2010 Uppal Book Store/9013/26.10.09/128/16.10.09/26.10.09 275.00   782.42 TAL B-360855 10/03/2010 1 275.00 English Books  
    Dewey Decimal Classification     Janak Puri Janak Puri 10/03/2010 Uppal Book Store/9013/26.10.09/128/16.10.09/26.10.09 275.00 27 782.42 TAL B-360857 04/08/2018 1 275.00 English Books 1
    Dewey Decimal Classification     Karol Bagh Karol Bagh 10/03/2010 Uppal Book Store/9013/26.10.09/128/16.10.09/26.10.09 275.00   782.42 TAL B-360860 10/03/2010 1 275.00 English Books  
    Dewey Decimal Classification     Patel Nagar Patel Nagar 10/03/2010 Uppal Book Store/9013/26.10.09/128/16.10.09/26.10.09 275.00   782.42 TAL B-360856 10/03/2010 1 275.00 English Books  
    Dewey Decimal Classification     Sarojini Nagar Sarojini Nagar 10/03/2010 Uppal Book Store/9013/26.10.09/128/16.10.09/26.10.09 275.00 1 782.42 TAL B-360858 11/07/2018 1 275.00 English Books  
    Dewey Decimal Classification     Shahdara Branch Shahdara Branch 10/03/2010 Uppal Book Store/9013/26.10.09/128/16.10.09/26.10.09 275.00   782.42 TAL B-360861 10/03/2010 1 275.00 English Books  
    Dewey Decimal Classification     Vinoba Puri Vinoba Puri 10/03/2010 Uppal Book Store/9013/26.10.09/128/16.10.09/26.10.09 275.00 17 782.42 TAL B-360859 13/10/2020 1 275.00 English Books 2

© Delhi Public Library
Hit Counter
free hit counter